000 00303nam a22001337a 4500
008 170904b xxu||||| |||| 00| 0 eng d
020 _a9780195065763
041 _aeng
080 _a070
100 _a40
101 _aMED
245 _aDEMOCARCY WITH OUT CITIZENNS
_cENTMAN.R.M
942 _2udc
_cBK
999 _c26063
_d26063